PHRASAL VERBS SPANISH - Estadísticas

Estadísticas generales
  • Esta prueba ha sido intentada 49 veces
  • La puntuación promedio es 2 de 61
Estadísticas de respuestas
Phrasal Verb Spanish % Correcto
Sit Down Sentarse
93%
Put on Make Up Maquillarse
35%
Stand Up Ponerse de pie
28%
Turn Off Apagar
10%
Land Aterrizar
10%
Go On Continuar
10%
Turn On Encender
10%
Hurry Up Darse Prisa
8%
Speed Up Acelerar
5%
Call Off Cancelar
5%
Keep On Continuar
5%
Carry On Continuar
5%
Take Off (2) Despegar
5%
Come In Entrar
5%
Cheer Up Animarse
3%
Break Down Averiarse
3%
Hold On Esperar
3%
Slow Down Frenar
3%
Walk Away Irse
3%
Put Off Posponer
3%
Give Up Abandonar, rendirse
0%
End Up Acabar un proceso o evento
0%
Look Up (3) Admirar a Alguien
0%
Hang On (2) Aguantar
0%
Write Down Anotar
0%
Turn Up Aparecer llegar
0%
Get Off Bajarse de algo que no es el coche
0%
Turn Down (2) Bajar volumen
0%
Look Up Buscar Información
0%
Break Up Cortar una relación
0%
Dropp off Dejar a alguien o algo en un sitio
0%
Put Down Dejar en el suelo
0%
Look Down (2) Despreciar a alguien
0%
Break Down (2) Echarse a llorar
0%
Hang On Esperar
0%
Speak Up Hablar mas alto
0%
Quiet Down Hablar mas bajo
0%
Run Off Huir salir corriendo
0%
Wun Away Huir salir corriendo
0%
Make Up Inventar una Historia
0%
Walk Off Irse
0%
Get On (2) Llevarse Bien con Alguien
0%
Look Down Mirar hacia abajo
0%
Look Up (2) Mirar hacia Arriba
0%
Put On Ponerse algo en el cuerpo
0%
Take Off Quitarse algo del cuerpo
0%
Turn Down Rechazar
0%
Pick Up (2) Recoger a alguien o algo de un sitio
0%
Pick Up Recoger algo del suelo
0%
Make Up (2) Recuperar Algo
0%
Go Out (2) Salir de Casa
0%
Go Out Salir de fiesta
0%
Get Off Salir del trabajo
0%
Go Out (3) Salir Romanticamente
0%
Feel Down Sentirse Triste
0%
Walk Up Subir Caminando
0%
Drive Up Subir Conduciendo
0%
Run Up Subir Corriendo
0%
Get On Subirse a algo que no es el coche
0%
Turn Up (2) Subir volumen
0%
Hang On (3) Sujetarse
0%
No se encontraron pruebas coincidentes
Distribución de puntuación
Porcentaje de gente con cada puntuación
Porcentaje por número respondido
Historial de tus puntuaciones
No has intentado esta prueba.